Strategic Operations Mgt. (Record no. 1532)

MARC details
000 -LEADER
fixed length control field 00411nam a22001697a 4500
005 - DATE AND TIME OF LATEST TRANSACTION
control field 20160524115337.0
008 - FIXED-LENGTH DATA ELEMENTS--GENERAL INFORMATION
fixed length control field 160524b xxu||||| |||| 00| 0 eng d
020 ## - INTERNATIONAL STANDARD BOOK NUMBER
ISBN 0-415-25695-0
041 ## - LANGUAGE CODE
Language code of text/sound track or separate title eng
082 ## - DEWEY DECIMAL CLASSIFICATION NUMBER
Item number 4569
100 ## - MAIN ENTRY--AUTHOR NAME
Personal name Lowen, Robert H
245 ## - TITLE STATEMENT
Title Strategic Operations Mgt.
260 ## - PUBLICATION, DISTRIBUTION, ETC. (IMPRINT)
Place of publication New Delhi
Name of publisher Academic Faundation
Year of publication 2002
300 ## - PHYSICAL DESCRIPTION
Number of Pages 305
650 ## - SUBJECT ADDED ENTRY--TOPICAL TERM
Topical Term Management
942 ## - ADDED ENTRY ELEMENTS (KOHA)
Koha item type Books
Holdings
Lost status Damaged status Collection code Home library Current library Shelving location Date acquired Cost, normal purchase price Full call number Accession Number Koha item type
    MANAGEMENT JRU Library JRU Library SHELF-64-N 24/05/2016 450.00 4569 4569 Books
    MANAGEMENT JRU Library JRU Library SHELF -72- G 24/05/2016 450.00 4569 4570 Books
      JRU Library   WR- 1 J 24/05/2016 450.00 4569 4571 Books
    MANAGEMENT JRU Library JRU Library SHELF-64-N 24/05/2016 450.00 4569 4572 Books